000 00606nam a2200193 a 4500
001 1771139648776
003 YourLibrary
005 20260215124634.0
008 260215s2017##################000#0#eng##
020 _a9780265736908
082 0 4 _a301
_bVNI
100 1 _aConvention, Educational and Missionary,
_eauthor.
245 1 0 _aProceedings of the Forty-Fifth Annual Session of the Baptist Educational and Missionary Convention of North Carolina :
260 _bForgotten Books,
_c2017.
300 _a60 pages
650 0 _aReference.
942 _cENGLISH
040 _aYourLibrary
_beng
_cYourLibrary
999 _c612677
_d612677